000 00518 a2200157 4500
005 20250602143639.0
020 _a07517-1969-2
082 _aLECT 657.48 CIM
111 _aCIMA
245 _aStrategic paper P9: management accounting-financial strategy
250 _a1st Ed.
260 _aLondon,
_bBPP professional education,
_c2005.
300 _aiii, 139p.: ill. figure, table,
_c15cm.
856 _yAccess online book
_fStrategic paper P9: management accounting-financial strategy
_dwww.bpp.com
942 _2ddc
_cBKS
999 _c3037
_d3037